Catalog

Record Details

Catalog Search



Velká kniha lidových obyčejů a nápadů pro šikovné ruce  Cover Image Book Book

Velká kniha lidových obyčejů a nápadů pro šikovné ruce / [Martin Bestajovský]

Record details

  • ISBN: 978-80-251-1974-7
  • Physical Description: 256 s. : il. (převážně barev.) ; 25 cm
  • Edition: 2. souborné vyd.
  • Publisher: Brno : Computer Press, 2008

Content descriptions

General Note:
Obálkový podnázev: jaro, léto, podzim, zima
Bibliography, etc. Note:
Obsahuje bibliografie
Subject: svátky > Česko
lidové zvyky > Česko
tradiční jídla > Česko
výtvarné práce
feasts > Czechia
folk customs > Czechia
traditional cookery > Czechia
handicraft
Genre: příručky
handbooks and manuals

Available copies

  • 1 of 1 copy available at Common Catalog SPOK.

Holds

  • 0 current holds with 1 total copy.
Show Only Available Copies
Location Call Number / Copy Notes Barcode Shelving Location Status Due Date
Hospic Dobrého Pastýře OS
Tematická katagorie: Odborná - ostatní (OS)
2045957001401 Centrum denních služeb (CDS) Available -

Electronic resources

Version of Resource: Obsah


LDR 01715nam a2200493 a 4500
00124776
003CZ-PrJAB
00520170814134255.0
007ta
008080404s2008 xr a e f 000 0 cze
015 . ‡acnb001799108
020 . ‡a978-80-251-1974-7 ‡q(váz.)
035 . ‡a(CZ PrNK)nkc20081799108
035 . ‡a(OCoLC)237191613
040 . ‡aOLA001 ‡bcze ‡dABA001
043 . ‡ae-xr---
072 7. ‡a398 ‡xFolklor. Lidové tradice ‡2Konspekt ‡91
080 . ‡a398.33 ‡2MRF
080 . ‡a398.3 ‡2MRF
080 . ‡a641.565/.568 ‡2MRF
080 . ‡a745 ‡2MRF
080 . ‡a(437.3) ‡2MRF
080 . ‡a(035) ‡2MRF
1001 . ‡aBestajovský, Martin, ‡d1972- ‡7mzk2004231223 ‡4aut
24510. ‡aVelká kniha lidových obyčejů a nápadů pro šikovné ruce / ‡c[Martin Bestajovský]
250 . ‡a2. souborné vyd.
260 . ‡aBrno : ‡bComputer Press, ‡c2008
300 . ‡a256 s. : ‡bil. (převážně barev.) ; ‡c25 cm
500 . ‡aObálkový podnázev: jaro, léto, podzim, zima
504 . ‡aObsahuje bibliografie
65007. ‡asvátky ‡7ph116350 ‡zČesko ‡2czenas
65007. ‡alidové zvyky ‡7ph137518 ‡zČesko ‡2czenas
65007. ‡atradiční jídla ‡7ph268220 ‡zČesko ‡2czenas
65007. ‡avýtvarné práce ‡7ph127466 ‡2czenas
65009. ‡afeasts ‡zCzechia ‡2eczenas
65009. ‡afolk customs ‡zCzechia ‡2eczenas
65009. ‡atraditional cookery ‡zCzechia ‡2eczenas
65009. ‡ahandicraft ‡2eczenas
655 7. ‡apříručky ‡7fd133209 ‡2czenas
655 9. ‡ahandbooks and manuals ‡2eczenas
7870 . ‡tLidové obyčeje a nápady pro šikovné ruce
85641. ‡yObsah ‡uhttp://toc.nkp.cz/NKC/200806/contents/nkc20081799108_1.pdf
910 . ‡aBNE702
998 . ‡a001799108
901 . ‡a24776 ‡b ‡c24776 ‡tbiblio

Additional Resources